000
00313nam a2200133Ia 4500
008
231017s9999 xx 000 0 und d
082
_a
624.183
082
_b
MOR
245
4
_a
The Design of Brickwork Retaining Walls
245
0
_c
B.A. Haseltine
260
_b
B.A. Haseltine
300
_c
30cm
942
_c
REP
999
_c
603869
_d
603869